书目信息 |
| 题名: |
有机中间体制备
|
|
| 作者: | 黄润秋 主编 | |
| 分册: | ||
| 出版信息: | 北京 化学工业出版社 1997 |
|
| 页数: | 262页 | |
| 开本: | 16开 | |
| 丛书名: | ||
| 单 册: | ||
| 中图分类: | TQ612 | |
| 科图分类: | ||
| 主题词: | 有机化合物--中间体--制备--方法 | |
| 电子资源: | ||
| ISBN: | 7-5025-1835-5 | |
| 000 | 00573nam0 2200193 45 | |
| 001 | 0110310899 | |
| 005 | 20031219104051.4 | |
| 010 | @a7-5025-1835-5@dCNY33.00 | |
| 100 | @a20011031d1997 km y0chiy0120 ea | |
| 101 | 0 | @achi |
| 105 | @a z 000yy | |
| 200 | 1 | @a有机中间体制备@AYou Ji Zhong Jian Ti Zhi Bei@f黄润秋等主编@FHuang Run Qiu Deng Zhu Bian |
| 210 | @a北京@c化学工业出版社@d1997 | |
| 215 | @a262页@d16开 | |
| 606 | 0 | @a有机化合物@x中间体@x制备@x方法 |
| 690 | @aTQ612@v4 | |
| 701 | @a黄润秋@4主编 | |
| 801 | @aCN@bTSTC@c20011031 | |
| 905 | @f6@b300344-349@dTQ612@e10 | |
| 有机中间体制备/黄润秋等主编.-北京:化学工业出版社,1997 |
| 262页;16开 |
| ISBN 7-5025-1835-5:CNY33.00 |
| ● |
| 相关链接 |
|
|
|
|
正题名:有机中间体制备
索取号:TQ612/10
 
预约/预借
| 序号 | 登录号 | 条形码 | 馆藏地/架位号 | 状态 | 备注 |
| 1 | 0300344 | 203003445 | 第三借阅区/ [索取号:TQ612/10] | 在馆 | |
| 2 | 0300345 | 203003454 | 第三借阅区/ [索取号:TQ612/10] | 在馆 | |
| 3 | 0300346 | 203003463 | 第三借阅区/ [索取号:TQ612/10] | 在馆 | |
| 4 | 0300347 | 203003472 | 第三借阅区/ [索取号:TQ612/10] | 在馆 | |
| 5 | 0300348 | 203003481 | 第三借阅区/ [索取号:TQ612/10] | 在馆 | |
| 6 | 0300349 | 203003490 | 第二样本阅览室/ [索取号:TQ612/10] | 在馆 |